Statistics for Most Successful Olympic Boxing Nations

Click here to take the quiz!

General Stats

  • This quiz has been taken 202 times
  • The average score is 9 of 15

Answer Stats

GoldSilverBronzeTotalAnswer% Correct
502440114USA
98%
1051530Russia
95%
18132556UK
94%
691126France
85%
491023Germany
83%
37191773Cuba
80%
15151747Italy
70%
892643Poland
59%
14191851Soviet Union
50%
771024Argentina
45%
102820Hungary
41%
64919South Africa
40%
77822Kazakhstan
33%
45918Bulgaria
29%
52613East Germany
24%

Score Distribution

Percentile by Number Answered

Percent of People with Each Score

Your Score History

You have not taken this quiz